| 000 | 00586nam a22001337a 4500 | ||
|---|---|---|---|
| 008 | 150515b xxu||||| |||| 00| 0 eng d | ||
| 082 |
_a728.9 _bI 597e |
||
| 110 |
_aInstituto de Arquitectura Tropical _92673 |
||
| 245 |
_aEncuentro arquitectura tropical _bEncounter architecture _cInstituto de Arquitectura Tropical |
||
| 260 |
_aCosta Rica _bInstituto de Arquitectura Tropical _c1998 |
||
| 300 |
_a200 p _bill. (col) _c21.5x28 cm |
||
| 650 |
_xArquitectura tropical _xEncuentro (congreso)-Arquitectura _xCongresos _xVivienda _xConstrucción _92674 |
||
| 710 |
_aInstituto de Arquitectura Tropical _92675 |
||
| 999 |
_c596 _d596 |
||